MARC

LEADER 00000nam0a2200000 4500
001 682624
005 20251027125436.0
090 |a 682624 
100 |a 20251027d1977 km|y0rusy50 ca 
101 0 |a rus 
102 |a RU 
105 |a a z 001yy 
181 0 |a i   |b  e  
182 0 |a n 
183 0 |a nc  |2 RDAcarrier 
200 1 |a Химия и технология йода  |e сборник научных трудов  |f Государственный институт прикладной химии; под ред. Ю. Д. Некрасова 
203 |a Текст  |b визуальный  |c непосредственный 
210 |a [Б. м.]  |c [Б. и.]  |d 1977 
215 |a 71 с.  |c ил. 
283 |a volume  |2 RDAcarrier 
320 |a Литература в конце статей 
606 |a Йод  |x Химия  |9 39716 
606 |a Йод  |x производство  |9 54786 
610 1 |a получение из растворов 
610 1 |a солевые растворы 
610 1 |a физико-химические основы 
610 1 |a сорбция 
610 1 |a кинетика 
610 1 |a гидродинамические факторы 
610 1 |a концентрационные факторы 
610 1 |a десорбция 
675 |a 546.15  |v 4 
675 |a 661.46/.47  |v 4 
702 1 |4 340  |a Некрасов  |b Ю. Д. 
712 0 2 |a Государственный институт прикладной химии  |c (Ленинград)  |c (1925-1992)  |4 570  |9 23585 
801 0 |a RU  |b 63413507  |c 20251027 
830 |a Ретро2025Каталогизация Шило 
850 |a 63413507 
942 |c BK